Music Quiz

Random Music or Singers Quiz
Score 0/17 Timer 04:00
0 Plays Today
% Correct
Elvis Presley
93.7%
John Lennon
89.3%
Kurt Cobain
83.7%
Prince
82.9%
Amy Winehouse
82.7%
Buddy Holly
81.9%
George Michael
73.7%
Jim Morrison
71.8%
Michael Jackson
70.3%
% Correct
David Bowie
67.7%
Tupac Shakur
63.6%
Jimi Hendrix
57.7%
James Brown
56.8%
Bon Scott
56%
Whitney Houston
55.8%
Janis Joplin
54.3%
Glenn Frey
45.3%
Remove Ads.
Support Sporcle.
Get the best of Sporcle when you Go Orange. This ad-free experience offers more features, more stats, and more fun while also helping to support Sporcle. Thank you for becoming a member.

You're not logged in!

Compare scores with friends on all Sporcle quizzes.
OR
Log In

Show Comments

Extras

Top Quizzes Today


Score Distribution

Your Account Isn't Verified!

In order to create a playlist on Sporcle, you need to verify the email address you used during registration. Go to your Sporcle Settings to finish the process.

Report this User

Report this user for behavior that violates our Community Guidelines.

Details: